| 000 | 00360nam a22001337a 4500 | ||
|---|---|---|---|
| 999 |
_c8346 _d8346 |
||
| 003 | OSt | ||
| 005 | 20191014131719.0 | ||
| 008 | 191014b ||||| |||| 00| 0 eng d | ||
| 040 | _cDDC | ||
| 082 |
_223 _a270.82 _bP339W |
||
| 100 | _a Pawson, David (J. David), 1930- | ||
| 245 | _aWord and spirit together : uniting Charismatics and Evangelicals | ||
| 942 |
_2ddc _cBK |
||